Privatizace v MR, PR a bývalé NDR.

Tri línie privatizačného programu maďarskej vlády. Nové druhy vlastníckych subjektov. Privatizácia malých podnikov a deetatizácia 150 veľkých podnikov. Charakteristika poľského variantu privatizácie. Procesy privatizácie do konca roku 1990. Štyri základné body reprivatizácie a "veľkej" privatizácie...

Full description

Saved in:
Bibliographic Details
Main Author: Brejchová, Z.
Other Authors: Hruška, K.
Format: Book Chapter
Language:Czech
Subjects:
Tags: Add Tag
No Tags, Be the first to tag this record!

MARC

LEADER 00000naa a2200000 4500
001 r004582
005 20221125081227.8
041 0 |a cze 
044 |a [CS] 
245 1 0 |a Privatizace v MR, PR a bývalé NDR.  |c Z. Brejchová, K. Hruška 
520 |a Tri línie privatizačného programu maďarskej vlády. Nové druhy vlastníckych subjektov. Privatizácia malých podnikov a deetatizácia 150 veľkých podnikov. Charakteristika poľského variantu privatizácie. Procesy privatizácie do konca roku 1990. Štyri základné body reprivatizácie a "veľkej" privatizácie na území bývalej NDR. 
610 2 0 |a reprivatizácia 
610 2 0 |a privatizácia 
610 2 0 |a MR 
610 2 0 |a PR 
610 2 0 |a východné Nemecko 
610 2 0 |a deetatizácia 
610 2 0 |a 1990 
100 1 |a Brejchová, Z. 
700 1 |a Hruška, K.